000
00309nam a22001337a 4500
008
170615b xxu||||| |||| 00| 0 eng d
020
_a
9780578092164
041
_a
eng
080
_a
324
100
_a
19
101
_a
SHP
245
_a
HOW TO WIN ELECTIONS USING SOCIAL MEDIA
_c
AGRANOFF,C
942
_2
udc
_c
BK
999
_c
17570
_d
17570